000 00523nam a2200145Ia 4500
008 140724s9999 xx 000 0 und d
050 _aBF 698
_b.El43 2012
100 _aEliseo, Ana Kriselda.
245 _aBurnout level, stressors and coping mechanism of second year and third year BS Psychologyology /
_cAna Kriselda Eliseo.
260 _aLas PiƱas, Philippines :
_bSouthville International School and Colleges,
_cc2012.
300 _a50 p. :
_bill. ;
_c28 cm.
521 _aPsychology
942 _cTH
999 _c229191
_d229191